000 00940cam a2200301 a 4500
001 1614136
003 OSt
005 20140310181626.0
008 950216s1995 maua d 000 0 eng
010 _a 95005824
020 _a0877795495
040 _aDLC
_cDLC
_dDLC
050 0 0 _aPE1628
_b.M365 1995
082 0 0 _a423
_220
245 0 0 _aMerriam-Webster's desk dictionary.
246 3 0 _aDesk dictionary
260 _aSpringfield, Mass. :
_bMerriam-Webster,
_cc1995.
300 _a14a, 765 p. :
_bill. ;
_c25 cm.
521 _aFourth Year High School
_bLexile
526 _c1010L
541 _j1
562 _eFor circulation. 1 copy in the collection
650 0 _aEnglish language
_xDictionaries.
710 2 _aMerriam-Webster, Inc.
906 _a7
_bcbc
_corignew
_d1
_eocip
_f19
_gy-gencatlg
942 _2lcc
_cBK-GR
_kREF
999 _c327
_d327